|
|
|
|
| LEADER |
00000nam a2200000 a 4500 |
| 001 |
UCV8692 |
| 003 |
CL-VaPUC |
| 008 |
911121e19590000UK |||||||||||||||||eng|d |
| 082 |
0 |
4 |
|a 109
|b RUS
|2 21
|
| 100 |
0 |
|
|a Russell, Bertrand
|e author
|9 302720
|
| 245 |
1 |
0 |
|a Wisdom of the west
|
| 300 |
|
|
|a 320 p
|
| 942 |
|
|
|c BK
|
| 945 |
|
|
|d 19911121 00:00:00
|
| 260 |
|
|
|a Londres
|b Macdonal
|c 1959
|
| 650 |
|
0 |
|a Filosofía moderna
|9 258121
|
| 650 |
|
0 |
|a Filosofía (contemporánea)
|y S.XX (Siglo 20)
|9 267050
|
| 650 |
|
0 |
|a Historia de la filosofía
|9 256920
|
| 650 |
|
0 |
|a Filosofía inglesa
|9 255676
|
| 583 |
|
|
|a last modification
|c 20121007 09:33:09
|k Rodrigo Vera
|
| 999 |
|
|
|c 214171
|d 214169
|
| 952 |
|
|
|0 0
|1 0
|4 0
|6 109_000000000000000_RUS_1959
|7 0
|8 P
|9 197298
|a BIBARQ
|b BIBARQ
|d 2019-11-14
|i 2649829
|o 109 RUS 1959
|p 2649829
|r 2025-01-20
|w 2019-11-14
|y BK
|k ARQ
|